| 000 | 00773nam a22002297a 4500 | ||
|---|---|---|---|
| 999 |
_c60954 _d60954 |
||
| 005 | 20251125233054.0 | ||
| 008 | s2552 th tha d | ||
| 020 | _a9789742887735 | ||
| 040 | _aNALT | ||
| 041 | _atha | ||
| 090 |
_aKS36.2 อ151จ _b 2552 |
||
| 100 | 0 | _aอธึก อัศวานันท์ | |
| 245 | 1 | 0 | _aเจรจาและร่างสัญญาธุรกิจ |
| 260 | 3 |
_aกรุงเทพฯ : _bวิญญูชน, _c2552 |
|
| 300 | _a291 หน้า | ||
| 650 | 0 | 4 | _aสัญญา |
| 650 | 0 | 4 | _aการร่างสัญญา |
| 850 | _aNALT | ||
| 856 | 4 | 0 |
_uhttps://hdl.handle.net/20.500.14156/302082 _71 |
| 942 |
_cLB _2lcc |
||